Eastern Human Rights Law / (Record no. 613277)
[ view plain ]
| 000 -LEADER | |
|---|---|
| fixed length control field | 00370nam a22001337a 4500 |
| 082 ## - DEWEY DECIMAL CLASSIFICATION NUMBER | |
| Classification number | 341.481 |
| Author Mark | NAD |
| 100 ## - MAIN ENTRY--PERSONAL NAME | |
| Personal name | Nadeem, Mian Saddat Ali |
| 245 ## - TITLE STATEMENT | |
| Title | Eastern Human Rights Law / |
| Statement of responsibility, etc. | Mian Saddat Ali Nadeem |
| 260 ## - PUBLICATION, DISTRIBUTION, ETC. | |
| Place of publication, distribution, etc. | Lahore : |
| Name of publisher, distributor, etc. | Eastern Law Book House, |
| Date of publication, distribution, etc. | N.A. |
| 300 ## - PHYSICAL DESCRIPTION | |
| Extent | 283 p. |
| 563 ## - BINDING INFORMATION | |
| Binding note | HB. |
| 650 ## - SUBJECT ADDED ENTRY--TOPICAL TERM | |
| Topical term or geographic name entry element | Law, Human Rights Law |
| 942 ## - ADDED ENTRY ELEMENTS (KOHA) | |
| Source of classification or shelving scheme | |
| Koha item type | Book |
| 650 ## - SUBJECT ADDED ENTRY--TOPICAL TERM | |
| -- | 128237 |
| Withdrawn status | Lost status | Source of classification or shelving scheme | Damaged status | Not for loan | Permanent Location | Current Location | Date acquired | Total Checkouts | Full call number | Barcode | Date last seen | Price effective from | Koha item type |
|---|---|---|---|---|---|---|---|---|---|---|---|---|---|
| NUST Law School (NLS) | NUST Law School (NLS) | 03/12/2025 | 341.481 NAD | NLS-1154 | 03/12/2025 | 03/12/2025 | Book | ||||||
| NUST Law School (NLS) | NUST Law School (NLS) | 03/12/2025 | 341.481 NAD | NLS-1155 | 03/12/2025 | 03/12/2025 | Book | ||||||
| NUST Law School (NLS) | NUST Law School (NLS) | 03/12/2025 | 341.481 NAD | NLS-1156 | 03/12/2025 | 03/12/2025 | Book | ||||||
| NUST Law School (NLS) | NUST Law School (NLS) | 03/12/2025 | 341.481 NAD | NLS-1157 | 03/12/2025 | 03/12/2025 | Book | ||||||
| NUST Law School (NLS) | NUST Law School (NLS) | 06/27/2025 | 341.481 NAD | NLS-2364 | 06/27/2025 | 06/27/2025 | Book | ||||||
| NUST Law School (NLS) | NUST Law School (NLS) | 06/27/2025 | 341.481 NAD | NLS-2365 | 06/27/2025 | 06/27/2025 | Book | ||||||
| NUST Law School (NLS) | NUST Law School (NLS) | 06/27/2025 | 341.481 NAD | NLS-2366 | 06/27/2025 | 06/27/2025 | Book | ||||||
| NUST Law School (NLS) | NUST Law School (NLS) | 06/27/2025 | 341.481 NAD | NLS-2367 | 06/27/2025 | 06/27/2025 | Book |
